Normal view
MARC view
- American Military Adventure
Entry Topical Term
001 - CONTROL NUMBER
- control field: 105760
003 - CONTROL NUMBER IDENTIFIER
- control field: NUST
005 - DATE AND TIME OF LATEST TRANSACTION
- control field: 20221223123309.0
008 - FIXED-LENGTH DATA ELEMENTS
- fixed length control field: 221223|| aca||aabn | a|a d
040 ## - CATALOGING SOURCE
- Original cataloging agency: NUST
- Transcribing agency: NUST
150 ## - HEADING--TOPICAL TERM
- Topical term or geographic name entry element: American Military Adventure
670 ## - SOURCE DATA FOUND
- Source citation: Work cat.: (NUST)217591: E.Ricks, Thomas 105759, Fiasco :, 2009
